Fremderverkehrsstatistik 1984/85 Wintersaison

Guardado en:
Detalles Bibliográficos
Formato: Libro
Lenguaje:alemán
Publicado: Vaduz Amt für Volkswirtschaft 1985
Edición:1. Aufl.
Etiquetas: Agregar Etiqueta
Sin Etiquetas, Sea el primero en etiquetar este registro!

MARC

LEADER 00000nam a2200000 4500
001 c109815
005 20251217115154.4
041 0 |a ger 
044 |a LI 
245 1 0 |a Fremderverkehrsstatistik 1984/85  |b Wintersaison 
250 |a 1. Aufl. 
264 1 |a Vaduz  |b Amt für Volkswirtschaft  |c 1985 
300 |a 20 s.